000 00725nam a2200193Ii 4500
003 JO-AjNU
008 230605s9999||||xx |||||||||||||| ||und||
040 _aJO-AjNU
_bara
_erda
_cJO-AjNU
041 _aara
050 1 4 _aGV461.A226 1983
100 3 _aعبد المنعم، سوسن، م.مشارك العبد، نايرة، م.مشارك عباس، محمود محمد,
_eauthor
_948904
245 0 0 _aالجمباز وطرق تدريسة
264 3 1 _a القاهرة: الهيئة المصرية العامة للكتاب،1983
300 _a379ص
336 _atext
_btxt
_2rdacontent
337 _aunmediated
_bn
_2rdamedia
338 _avolume
_bnc
_2rdacarrier
650 4 _aالجمباز - طرق تدريس
_948905
999 _aA21447
_c25015
_d25015